Digital radiography and PACS (Record no. 362732)
[ view plain ]
| 000 -LEADER | |
|---|---|
| fixed length control field | 00660nam a22001817a 4500 |
| 008 - FIXED-LENGTH DATA ELEMENTS--GENERAL INFORMATION | |
| fixed length control field | 191128b xxu||||| |||| 00| 0 eng d |
| 020 ## - INTERNATIONAL STANDARD BOOK NUMBER | |
| International Standard Book Number | 9780323072212 |
| 050 ## - LIBRARY OF CONGRESS CALL NUMBER | |
| Classification number | RC 78.7 .D35C37 |
| 100 ## - MAIN ENTRY--PERSONAL NAME | |
| Personal name | Carter, Christi.-- |
| 245 ## - TITLE STATEMENT | |
| Title | Digital radiography and PACS |
| Statement of responsibility, etc | Christi E Carter; Beth L Vealé |
| 260 ## - PUBLICATION, DISTRIBUTION, ETC. (IMPRINT) | |
| Place of publication, distribution, etc | St. Louis, Mo. : |
| Name of publisher, distributor, etc | Mosby Elsevier, |
| Date of publication, distribution, etc | 2008. |
| 300 ## - PHYSICAL DESCRIPTION | |
| Extent | xiii, 237 pages : illustrations ; 24 cm |
| 500 ## - GENERAL NOTE | |
| General note | Includes index. |
| 690 ## - LOCAL SUBJECT ADDED ENTRY--TOPICAL TERM (OCLC, RLIN) | |
| Topical term or geographic name as entry element | Radiography, Medical -- Digital techniques. |
| 690 ## - LOCAL SUBJECT ADDED ENTRY--TOPICAL TERM (OCLC, RLIN) | |
| Topical term or geographic name as entry element | Image Processing, Computer-Assisted -- methods. |
| 690 ## - LOCAL SUBJECT ADDED ENTRY--TOPICAL TERM (OCLC, RLIN) | |
| Topical term or geographic name as entry element | Radiographic Image Interpretation, Computer-Assisted -- methods. |
| 942 ## - ADDED ENTRY ELEMENTS (KOHA) | |
| Source of classification or shelving scheme | Library of Congress Classification |
| Item type | Books |
| Withdrawn status | Lost status | Source of classification or shelving scheme | Damaged status | Home library | Current library | Shelving location | Date acquired | Total Checkouts | Full call number | Barcode | Date last seen | Price effective from | Koha item type |
|---|---|---|---|---|---|---|---|---|---|---|---|---|---|
| Library of Congress Classification | South SEED-LPDH College Library | South SEED-LPDH College Library | South SEED-LPDH College Section | 11/28/2019 | RC 78.7 .D35C37 | SSLC0122 | 11/28/2019 | 11/28/2019 | Books | ||||
| Library of Congress Classification | South SEED-LPDH College Library | South SEED-LPDH College Library | South SEED-LPDH College Section | 11/28/2019 | RC 78.7 .D35C37 | SSLC0121 | 11/28/2019 | 11/28/2019 | Books | ||||
| Library of Congress Classification | South SEED-LPDH College Library | South SEED-LPDH College Library | South SEED-LPDH College Section | 11/28/2019 | RC 78.7 .D35C37 | SSLC0015 | 11/28/2019 | 11/28/2019 | Books |